000 00914nam a2200277Ia 4500
003 OSt
005 20220924124259.0
006 a|||||r|||| 00| 0
007 ta
008 220923b |||||||| |||| 00| 0 urd d
020 _a9789391511210 (pbk)
020 _cINR 240.00
024 _a353962
037 _bTB4994, 29/12/2021, Technical Bureau India Pvt. Ltd.
_cTextual
040 _aARTS
_cARTS
_burd
041 _2urd
_aurd
082 _aO168,1L89x, M0;R1
100 _aZauq Sheikh Mohammad Ibrahim Au.
_9195374
245 0 _aKulliyat-e-Zauq
260 _aNew Delhi
_b NCPUL India
_c2021
300 _a456p.
_ccm.
650 _aURDU POETRY
700 _a Alvi Tanveer Ahmed Ed.
_9145154
942 _hO168,1L89x, M0;R1
_cTEXL
_2CC
999 _c419114
_d419114